| 000 | 01612nam0a2200385 4500 | ||
|---|---|---|---|
| 001 | RU\NLR\bibl\1347238 | ||
| 005 | 20250615172554.0 | ||
| 010 |
_a978-5-93962-301-8 _9300 |
||
| 021 |
_aRU _b2009-4973 _9280 |
||
| 035 | _a(nilc)EL/0000250255 | ||
| 035 | _aRU\LSL\Books\2531969 | ||
| 035 | _aRU\LSL\Books\2533299 | ||
| 035 | _a(NLR Aleph) 001332358 | ||
| 090 |
_a808495 _c808495 |
||
| 100 | _a20090225d2004 |||y0rusy50 ca | ||
| 101 | 0 | _arus | |
| 102 | _aRU | ||
| 105 | _ay ||||||||| | ||
| 200 | 1 |
_aТеоретико-методологические аспекты исследования экономической системы общества _eнаучный доклад _fЗ. Ф. Хусаинов |
|
| 210 |
_aКазань _cЦентр инновационных технологий _d2004 |
||
| 215 |
_a35 с. _d21 |
||
| 320 | _aБиблиогр.: с. 33-35 (34 назв.) и в подстроч. примеч. | ||
| 606 | 1 |
_aЭкономические системы _jЛекции, доклады и т.п. _xТеория _92093998 _3RU\NLR\auth\661267154 |
|
| 606 | 1 |
_aНациональная экономика _jЛекции, доклады и т.п. _92081367 _3RU\NLR\auth\661257345 |
|
| 686 |
_aХ010 _vLBC/M _2rubbk |
||
| 686 |
_a06.03 _2rugasnti |
||
| 686 | _aУ010.5 | ||
| 686 | _aУ010.3 | ||
| 700 | 1 |
_aХусаинов _bЗ. Ф. _gЗуфар Фаатович _4070 |
|
| 801 | 0 |
_aRU _bНБ Казанского ГУ _c20030620 _gRCR |
|
| 801 | 1 |
_aRU _bНБ Казанского ГУ _c20090225 _gRCR |
|
| 801 | 2 |
_aRU _bNLR _c20090326 _grcr |
|
| 942 | _cBOOK | ||
| 980 | _aNB | ||